000 00819nmc a2200313 a 4500
003 AR-BaBNM
005 20251128203222.0
008 220020s1950 ||||||||||||||000 | spa||
040 _cAR-BaBNM
100 1 _aCronin, A.J.
_d1896-1981
245 1 0 _aLa ciudadela
_bel drama de los médicos y la medicina : novela
250 _a17ª ed.
260 _aBuenos Aires
_bClaridad
_c1950
300 0 _a351 p.
490 0 _aBiblioteca de grandes novelas
_vv. 25
650 4 _aLITERATURA INGLESA
650 4 _aESCRITORES
650 4 _aMEDICOS
650 4 _aCULTURA
650 4 _aNOVELAS
650 4 _aLITERATURA EXTRANJERA
650 4 _aLITERATURA CONTEMPORANEA
650 4 _aMEDICINA
653 _aNARRATIVA
655 _aLITERATURA
700 1 _aPepe, Enrique
_etraductor
942 _cBK
998 _cMARTIN
999 _c2442
_d2442